Biblioteca y Centro de Documentación

Símbolos religiosos y principio de no discriminación en las relaciones laborales (Registro nro. 49759)

Detalles MARC
000 -CABECERA
Longitud fija campo de control 01286naa a2200289 c 4500
001 - NÚMERO DE CONTROL
Número de control 49759
003 - IDENTIFICADOR DE NÚMERO DE CONTROL
Identificador del número de control ES-MaCES
005 - FECHA Y HORA DE LA ÚLTIMA TRANSACCIÓN
Fecha y hora de la última transacción 20170725132255.0
008 - CAMPO FIJO DE DESCRIPCIÓN FIJA--INFORMACIÓN GENERAL
Códigos de información de longitud fija   170725s2017 sp ||||| t||||||| ||spa d
040 ## - FUENTE DE CATALOGACIÓN
Centro catalogador de origen ES-MaCES
Lengua de catalogación spa
Centro transcriptor ES-MaCES
Centro modificado ES-MaCES
100 ## - ENCABEZAMIENTO PRINCIPAL--NOMBRE PERSONAL
9 (RLIN) 38437
Nombre de persona Contreras Mazarío, José María
245 10 - MENCIÓN DE TÍTULO
Título Símbolos religiosos y principio de no discriminación en las relaciones laborales
Resto del título : el caso del velo islámico (Comentario a las "Conclusiones" emitidas por las Abogadas Generales en dos cuestiones prejudiciales presentadas ante el TJUE)
Mención de responsabilidad, etc. José Mª Contreras Mazarío
650 #4 - ASIENTO SECUNDARIO DE MATERIA--TÉRMINO DE MATERIA
9 (RLIN) 27326
Término de materia o nombre geográfico como elemento inicial religión
650 #4 - ASIENTO SECUNDARIO DE MATERIA--TÉRMINO DE MATERIA
9 (RLIN) 27334
Término de materia o nombre geográfico como elemento inicial islam
650 #4 - ASIENTO SECUNDARIO DE MATERIA--TÉRMINO DE MATERIA
9 (RLIN) 28590
Término de materia o nombre geográfico como elemento inicial árabe
650 #4 - ASIENTO SECUNDARIO DE MATERIA--TÉRMINO DE MATERIA
9 (RLIN) 29908
Término de materia o nombre geográfico como elemento inicial discriminación religiosa
650 #4 - ASIENTO SECUNDARIO DE MATERIA--TÉRMINO DE MATERIA
9 (RLIN) 30147
Término de materia o nombre geográfico como elemento inicial igualdad de trato
650 #4 - ASIENTO SECUNDARIO DE MATERIA--TÉRMINO DE MATERIA
9 (RLIN) 28369
Término de materia o nombre geográfico como elemento inicial relaciones laborales
650 #4 - ASIENTO SECUNDARIO DE MATERIA--TÉRMINO DE MATERIA
9 (RLIN) 27165
Término de materia o nombre geográfico como elemento inicial derecho del trabajo
650 #4 - ASIENTO SECUNDARIO DE MATERIA--TÉRMINO DE MATERIA
9 (RLIN) 29866
Término de materia o nombre geográfico como elemento inicial derecho comunitario
650 #4 - ASIENTO SECUNDARIO DE MATERIA--TÉRMINO DE MATERIA
9 (RLIN) 28624
Término de materia o nombre geográfico como elemento inicial jurisprudencia
650 #4 - ASIENTO SECUNDARIO DE MATERIA--TÉRMINO DE MATERIA
9 (RLIN) 29490
Término de materia o nombre geográfico como elemento inicial Tribunal de Justicia CE
653 10 - TÉRMINO DE INDEXACIÓN--NO CONTROLADO
Término no controlado Relaciones laborales-Empleo
773 0# - ENTRADA DE DOCUMENTO FUENTE
Itemnumber del ítem fuente 86122
Lugar, editor y fecha de publicación Albacete (Concepción, 12, 2º izda., 02002) Bomarzo 1998-
Otro identificador del documento 089020
Título Revista de derecho social
Número de control del registro relacionado (ES-MaCES)25695
Parte(s) relacionada(s) n. 77 (en.-marzo 2017) {10693 R. 089020} ;p. 125-150
902 ## - CES. TIPO DE DOCUMENTO
Tipodoc (006$c Sirtex) ART Artículo de revista
942 ## - ELEMENTOS KOHA
Fuente de clasificaión o esquema Clasificación propia del CES
Koha [por defecto] tipo de item Artículos (1982-2017)
Parte de clasificación Relaciones Laborales y Rel. Lab.- Empleo

No hay ítems disponibles.

© CES, Consejo Económico y Social de España 2021